Book of the human body. (Record no. 544578)

000 -LEADER
fixed length control field 00367nam a22001337a 4500
082 ## - DEWEY DECIMAL CLASSIFICATION NUMBER
Classification number 612
Author Mark REA
-- L-29, P-82
100 ## - MAIN ENTRY--PERSONAL NAME
Personal name Reaer,s Digest.
9 (RLIN) 40243
245 ## - TITLE STATEMENT
Title Book of the human body.
260 ## - PUBLICATION, DISTRIBUTION, ETC.
Place of publication, distribution, etc. Great Britain
Name of publisher, distributor, etc. Hazell watson & viney Ltd.
300 ## - PHYSICAL DESCRIPTION
Extent 503 P.:
Other physical details ill, :
Dimensions 6 Cm
526 ## - STUDY PROGRAM INFORMATION NOTE
Program name 0
Interest level 0
Reading level 0
Title point value 612_000000000000000_REA
650 ## - SUBJECT ADDED ENTRY--TOPICAL TERM
Topical term or geographic name entry element MCE
9 (RLIN) 379
942 ## - ADDED ENTRY ELEMENTS (KOHA)
Source of classification or shelving scheme
Koha item type Book
Holdings
Withdrawn status Lost status Source of classification or shelving scheme Damaged status Not for loan Permanent Location Current Location Date acquired Total Checkouts Full call number Barcode Date last seen Date last checked out Price effective from Koha item type
          Military College of Engineering (MCE) Military College of Engineering (MCE) 05/08/2014 1 612 REA MCE-2326 05/13/2014 05/13/2014 05/08/2014 Book
© 2023 Central Library, National University of Sciences and Technology. All Rights Reserved.